[Catalogue of a sale of] an estate at Rickinghall Superior and Rickinghall Inferior, Suffolk (Record no. 116432)

MARC details
000 -LEADER
fixed length control field 00788cam a22002175a 4500
001 - CONTROL NUMBER
control field L140694
008 - FIXED-LENGTH DATA ELEMENTS--GENERAL INFORMATION
fixed length control field 071005s1861 xxk eng u
035 ## - SYSTEM CONTROL NUMBER
System control number (Sirsi) u140694
041 0# - LANGUAGE CODE
Language code of text/sound track or separate title eng
110 2# - MAIN ENTRY--CORPORATE NAME
Corporate name or jurisdiction name as entry element Messrs. Butcher
9 (RLIN) 5372
245 01 - TITLE STATEMENT
Title [Catalogue of a sale of] an estate at Rickinghall Superior and Rickinghall Inferior, Suffolk
Remainder of title for sale by Messrs. Butcher 1861
260 ## - PUBLICATION, DISTRIBUTION, ETC.
Place of publication, distribution, etc. S.l.
Name of publisher, distributor, etc. s.n.
Date of publication, distribution, etc. [1861]
300 ## - PHYSICAL DESCRIPTION
Extent 3 leaves
Other physical details col. map
Dimensions 55 x 42 cm., folded to 31 x 24 cm., or smaller
340 ## - PHYSICAL MEDIUM
Material base and configuration Printed
351 ## - ORGANIZATION AND ARRANGEMENT OF MATERIALS
Hierarchical level Single item
500 ## - GENERAL NOTE
General note Catalogue incomplete - lacks cover etc.
500 ## - GENERAL NOTE
General note Presented by Mrs A. Lacey of Bury St Edmunds.
651 4# - SUBJECT ADDED ENTRY--GEOGRAPHIC NAME
Geographic name Suffolk
690 ## - LOCAL SUBJECT ADDED ENTRY--TOPICAL TERM (OCLC, RLIN)
Topical term or geographic name as entry element PROPERTY-PROPERTY ACQUISITION AND DISPOSAL-ACQUISITION AND DISPOSAL AT AUCTION
942 ## - ADDED ENTRY ELEMENTS (KOHA)
Suppress in OPAC 0
Holdings
Withdrawn status Lost status Source of classification or shelving scheme Damaged status Not for loan Home library Current library Shelving location Date acquired Total Checkouts Full call number Barcode Date last seen Copy number Price effective from Koha item type
    Dewey Decimal Classification     London London Basement 05/10/2007   BASEMENT BOX 1 140694-1001 06/08/2019 1 06/08/2019 Archive